El gran terror: miedo, emoción y discurso. Chile, 1973-1980

Guardat en:
Dades bibliogràfiques
Autor principal: Timmermann López, Freddy (Autor)
Format: Llibre
Idioma:espanyol
Publicat: Santiago Ediciones Copygraph 2015
Edició:1a. ed
Matèries:
Etiquetes: Afegir etiqueta
Sense etiquetes, Sigues el primer a etiquetar aquest registre!

MARC

LEADER 00000cam a2200000 a 4500
001 UCD0145
003 CL-VaPUC
008 151120e20150000cl |||||||||||||||||spa|d
020 |a 9789567119707 
082 0 4 |a 320.983  |b TIM  |2 21 
100 0 |a Timmermann López, Freddy  |e author  |9 583160 
245 1 3 |a El gran terror: miedo, emoción y discurso. Chile, 1973-1980 
250 |a 1a. ed 
300 |a 337 p 
942 |c BK 
945 |d 20151120 13:39:00  |a dcastane 
260 |a Santiago  |b Ediciones Copygraph  |c 2015 
650 0 |a Violencia política   |9 321520 
650 0 |a Política y gobierno  |9 255151 
650 7 |a HISTORIA DE CHILE 1973-1980  |2 CL-VaPUC  |9 475876 
583 |a last modification  |c 20151120 13:39:00  |k Rodrigo Vera 
999 |c 361766  |d 361764 
952 |0 0  |1 0  |3 erb  |4 0  |6 320_983000000000000_TIM_2015  |7 0  |8 A  |9 472416  |a BIBHIS  |b BIBHIS  |i 5250358  |l 5  |o 320.983 TIM 2015  |p 5250358  |r 2025-01-20  |s 2024-10-04  |w 2019-11-24  |y BK  |z Catalogado en:20151120  |k HIS